Object-oriented analysis
Saved in:
| Main Author: | |
|---|---|
| Other Authors: | |
| Format: | Book |
| Language: | English |
| Published: |
Englewood Cliffs, N.J. :
Yourdon Press,
c1991
|
| Edition: | 2nd ed. |
| Series: | Yourdon Press computing series
|
| Subjects: | |
| Tags: |
Add Tag
No Tags, Be the first to tag this record!
|
MARC
| LEADER | 00000nam a2200000 i 4500 | ||
|---|---|---|---|
| 001 | 1/20376 | ||
| 008 | 950727s1991 eng d | ||
| 020 | |a 0-13-629981-4 | ||
| 035 | |l 10021538 | ||
| 040 | |a GR-MY-UA |b gre |e aacr | ||
| 041 | 0 | |a eng | |
| 082 | 0 | |a 620.0011 |2 (20) | |
| 100 | 1 | |a Coad, Peter. | |
| 245 | 1 | 0 | |a Object-oriented analysis / |c Peter Coad and Edward Yourdon |
| 250 | |a 2nd ed. | ||
| 260 | |a Englewood Cliffs, N.J. : |b Yourdon Press, |c c1991 | ||
| 300 | |a xiv, 233 p.; |b ill.; |c 24 cm | ||
| 490 | 1 | |a Yourdon Press computing series | |
| 504 | |a Includes bibliographical references (p. 218-225) and index | ||
| 650 | 0 | 0 | |a System analysis. |
| 700 | 1 | |a Yourdon, Edward. | |
| 830 | 0 | |a Yourdon Press computing series | |
| 852 | |a INST |b CHIOS |e 19950727 |h 620.0011 COA |p 005200019741 |q 005200019741 |t BK |y 0 | ||
| 909 | |a Χ |b 102020 | ||